00440cam a22001097a 4500008004000000082002700040100002500067245011900092260005100211300001000262440005800272180718b1994 xxu||||| |||| 00| 0 eng d aA81x54 91/7/PT12 A&B/R aCensus of India 1991 aGujarat district census handbook, Rajkot: village and town directory, village and townwise primary census abstract aAhmadabadbDirector of Census Operationsc1994 a555p. aCensus of India 1991. Series-7, Gujarat. Part XII-A&B